|
|
|
|
| LEADER |
00000nam a22000004a 4500 |
| 001 |
AR-BbUGT1017 |
| 003 |
AR-BbUGT |
| 005 |
20241213120459.0 |
| 007 |
ta |
| 008 |
061101t1986 ag |1|||0|spa d |
| 999 |
|
|
|c 8868
|d 8868
|
| 020 |
|
|
|a 950-430622-5
|
| 040 |
|
|
|a AR-BbUGT
|b spa
|c AR-BbUGT
|
| 082 |
0 |
4 |
|a 910
|
| 111 |
2 |
|
|a Semana de Geografía
|9 249
|
| 245 |
1 |
0 |
|a Contribuciones científicas:
|b congreso Nacional de Geografía 48 Semana de Geografía /
|c Sociedad Argentina de Estudios Geográficos.
|
| 260 |
|
|
|a Argentina :
|b GAEA,
|c 1986.
|
| 300 |
|
|
|a 2 v. ;
|c 21 cm.
|
| 653 |
|
|
|a Sensores remotos
|
| 653 |
|
|
|a Migraciones
|
| 653 |
|
|
|a Geografía rural
|
| 653 |
|
|
|a Cartografía
|
| 653 |
|
|
|a Industria en Bahía Blanca
|
| 653 |
|
|
|a Teoría de grafos
|
| 653 |
|
|
|a Contaminación atmosférica
|
| 653 |
|
|
|a Río Sauce Chico
|
| 653 |
|
|
|a Mendoza
|
| 710 |
|
|
|a Sociedad Argentina de Estudios Geográficos GAEA.
|
| 942 |
|
|
|c BK
|h 910
|i SE471 48
|2 ddc
|6 910_000000000000000_SE471_48
|
| 942 |
|
|
|c BK
|h 910
|i SE471 48
|2 ddc
|